000 02680nam0a2200397 4500
001 RU\NLR\BIBL_A\012857790
005 20250624184141.0
010 _a978-5-9902124-9-7
_9300
021 _aRU
_b2022-28087
_9КН-П-2409
035 _a(RuMoRGB)011059966
035 _a(NLR Aleph) 012857790
090 _a12448359
_c12448359
100 _a20220801d2021 |||y0rusy50 ca
101 0 _aeng
102 _aRU
105 _aa z 000zy
181 0 _ai
_baxxe
182 0 _an
200 1 _aStructure and stability of higher fullerenes. An atlas of IPR higher fullerenes
_emonograph
_fValeri I. Kovalenko, Ayrat R. Khamatgalimov
_gA. E. Arbuzov institute of organic and physical chemistry - Subdivision of the Federal state budgetary institution of science "Kazan scientific center of Russian academy of sciences"
203 _aТекст
_bвизуальный
_cнепосредственный
210 _aКазань
_cButlerov heritage
_d2021
215 _a252 с.
_cил., цв. ил.
_d23
320 _aБиблиогр. в конце глав
330 _aМонография посвящена изучению природы стабильности высших фуллеренов, раскрытию взаимосвязи между структурными особенностями молекул высших фуллеренов и возможностью их получения. Предложен новый подход к моделированию структуры и стабильности высших фуллеренов, основанный на детальном анализе основных структурных особенностей молекул фуллеренов. Разработанный подход, наряду со стабильностью субструктур, составляющих молекулу фуллерена, является новаторским, способствуя более глубокому пониманию особенностей электронной структуры фуллеренов
517 1 _aAn atlas of IPR higher fullerenes
541 1 _aСтруктура и стабильность высших фуллеренов. Атлас высших фуллеренов ПИС.
606 1 _aФуллерены
_91499361
_3RU\NLR\AUTH\66649873
675 _a539.19
_v4
686 1 _aГ741
700 1 _aKovalenko
_bV. I.
_gValerij Ignat'evič
701 1 _7ba
_8rus
_aChamatgalimov
_bA. R.
_gAjrat Raisovič
_9246175
_3RU\NLR\AUTH\770246231
942 _cBOOK
980 _aNB